|
|
|
|
| LEADER |
03141cas a2200565 a 4500 |
| 001 |
c000285914 |
| 003 |
CARM |
| 005 |
20081016082614.0 |
| 008 |
920313d19902001vraux p 0 a0eng d |
| 019 |
1 |
|
|a 7375699
|5 LACONCORD2021
|
| 035 |
|
|
|a (OCoLC)220812469
|5 LACONCORD2021
|
| 040 |
|
|
|a ANL-S
|b eng
|c ANL-S
|d VSL
|d VCAV
|
| 042 |
|
|
|a anuc
|
| 082 |
0 |
4 |
|a 028.5
|2 20
|
| 130 |
0 |
|
|a CBC news (Melbourne, Vic.)
|
| 245 |
0 |
0 |
|a CBC news /
|c Children's Book Council of Australia. Victorian branch.
|
| 260 |
|
|
|a Melbourne, Vic. :
|b The Council,
|c -2001.
|
| 300 |
|
|
|a v. ;
|c 30 cm.
|
| 310 |
|
|
|a Irregular
|
| 362 |
1 |
|
|a Began in 1990.
|
| 362 |
0 |
|
|a -2001, no. 4.
|
| 500 |
|
|
|a Numbering begins each year with no. 1, issues for <1994> lack numbering.
|
| 500 |
|
|
|a Description based on: 1990, no. 3 (Sept. 1990); title from caption.
|
| 610 |
2 |
0 |
|a Children's Book Council of Australia.
|b Victorian Branch
|v Periodicals.
|
| 710 |
2 |
|
|a Children's Book Council of Australia.
|b Victorian Branch
|
| 780 |
0 |
0 |
|t Newsletter (Children's Book Council of Australia. Victorian Branch)
|
| 785 |
0 |
0 |
|t CBCA news
|
| 852 |
8 |
|
|b CARM
|h A3:AR19E0
|i F04317
|p 0495274
|f SE
|
| 852 |
8 |
|
|b CARM
|h A3:AR19E0
|i F04317
|p 0495275
|f SE
|
| 852 |
8 |
|
|b CARM
|h A3:AR19E0
|i F04317
|p 0495276
|f SE
|
| 852 |
8 |
|
|b CARM
|h A3:AR18B0
|i F05160
|p 0515669
|f SE
|
| 852 |
8 |
|
|b CARM
|h A3:AR18B0
|i F05160
|p 0515670
|f SE
|
| 852 |
8 |
|
|b CARM
|h A3:AR18B0
|i F05160
|p 0515671
|f SE
|
| 852 |
8 |
|
|b CARM
|h A3:AR18B0
|i F05160
|p 0515672
|f SE
|
| 852 |
8 |
|
|b CARM
|h A3:AR18B0
|i F05160
|p 0515673
|f SE
|
| 852 |
8 |
|
|b CARM
|h A3:AR18B0
|i F05160
|p 0515674
|f SE
|
| 852 |
8 |
|
|b CARM
|h A3:AR18B0
|i F05160
|p 0515675
|f SE
|
| 866 |
|
0 |
|a 1(1990:03)-4(2001) Inc.
|
| 866 |
|
0 |
|a 1(1990:03)-4(2001) Inc.
|
| 999 |
f |
f |
|i ad2345ea-6b39-5020-bfe3-f6b273fee512
|s 244e186f-2e46-5f0f-9d4b-c2104aec7fd8
|
| 952 |
f |
f |
|p Can circulate
|a CAVAL
|b CAVAL
|c CAVAL
|d CARM 1 Store
|e F04317
|f A3:AR19E0
|h Other scheme
|i book
|k 1(1991:03),3(1991:08)-4(1991:11)
|m 0495275
|
| 952 |
f |
f |
|p Can circulate
|a CAVAL
|b CAVAL
|c CAVAL
|d CARM 1 Store
|e F05160
|f A3:AR18B0
|h Other scheme
|i book
|k (1993:04)-(1993:12)
|m 0515670
|
| 952 |
f |
f |
|p Can circulate
|a CAVAL
|b CAVAL
|c CAVAL
|d CARM 1 Store
|e F05160
|f A3:AR18B0
|h Other scheme
|i book
|k 1(1992),3(1992:09)
|m 0515669
|
| 952 |
f |
f |
|p Can circulate
|a CAVAL
|b CAVAL
|c CAVAL
|d CARM 1 Store
|e F05160
|f A3:AR18B0
|h Other scheme
|i book
|k 2(1997),4(1997)-5(1997)
|m 0515673
|
| 952 |
f |
f |
|p Can circulate
|a CAVAL
|b CAVAL
|c CAVAL
|d CARM 1 Store
|e F05160
|f A3:AR18B0
|h Other scheme
|i book
|k 1(1996)-4(1996)
|m 0515672
|
| 952 |
f |
f |
|p Can circulate
|a CAVAL
|b CAVAL
|c CAVAL
|d CARM 1 Store
|e F05160
|f A3:AR18B0
|h Other scheme
|i book
|k 1(2000)-4(2001)
|m 0515675
|
| 952 |
f |
f |
|p Can circulate
|a CAVAL
|b CAVAL
|c CAVAL
|d CARM 1 Store
|e F04317
|f A3:AR19E0
|h Other scheme
|i book
|k (1994:04),(1994:07),(1994:10)
|m 0495276
|
| 952 |
f |
f |
|p Can circulate
|a CAVAL
|b CAVAL
|c CAVAL
|d CARM 1 Store
|e F05160
|f A3:AR18B0
|h Other scheme
|i book
|k 1(1998)-5(1998)
|m 0515674
|
| 952 |
f |
f |
|p Can circulate
|a CAVAL
|b CAVAL
|c CAVAL
|d CARM 1 Store
|e F04317
|f A3:AR19E0
|h Other scheme
|i book
|k 1(1990:03)-[2](1990:06),4(1990:12)
|m 0495274
|
| 952 |
f |
f |
|p Can circulate
|a CAVAL
|b CAVAL
|c CAVAL
|d CARM 1 Store
|e F05160
|f A3:AR18B0
|h Other scheme
|i book
|k 1(1995)-2(1995),4(1995)
|m 0515671
|